Statistics for Hypixel Skyblock Collection

Click here to take the quiz!

General Stats

  • This quiz has been taken 234 times
    (153 since last reset)
  • The average score is 51 of 73

Answer Stats

HintAnswer% Correct
FarmingWheat
94%
Carrot
92%
Potato
90%
Diamond
88%
GoldIngot
88%
IronIngot
88%
JungleWood
87%
ForagingOakWood
87%
Pumpkin
87%
Dark OakWood
86%
Melon
86%
BirchWood
85%
Coal
84%
CombatRotten Flesh
84%
AcaciaWood
83%
Bone
83%
SpruceWood
83%
String
83%
FishingRaw Fish
82%
MiningCobblestone
81%
Emerald
81%
Redstone
81%
Sugar Cane
80%
Cocoa Beans
78%
Raw Salmon
77%
Nether Wart
75%
GlowstoneDust
74%
Lapis Lazuli
74%
Mushroom
73%
Blaze Rod
72%
Leather
72%
Obsidian
72%
Cactus
71%
Spider Eye
71%
Gemstone
70%
Mithril
70%
Pufferfish
70%
Ender Pearl
68%
BossBonzo
67%
Mutton
67%
Raw Chicken
67%
Necron
66%
Hard Stone
65%
Netherrack
65%
Raw Porkchop
65%
Sand
65%
Sponge
65%
Livid
64%
Nether Quartz
63%
Raw Rabbit
63%
Magma Cream
62%
Scarf
62%
Slimeball
62%
Feather
61%
Ink Sack
61%
Lily Pad
61%
Seeds
61%
The Professor
61%
Thorn
61%
Clay
60%
Sadan
59%
Gunpowder
57%
Red Sand
56%
Clownfish
54%
Prismarine Shard
54%
End Stone
51%
Gravel
51%
Mycelium
50%
Ghast Tear
49%
Prismarine Crystals
48%
Sulphur
47%
Ice
42%
Magmafish
35%

Score Distribution

Percentile by Number Answered

Percent of People with Each Score

Your Score History

You have not taken this quiz since the last reset